000 00299nam a22001337a 4500
999 _c11235
_d11235
003 OSt
008 220521b ||||| |||| 00| 0 eng d
082 _a823.92 IGR
100 _aIger,Robert
245 _aRide of a life time
260 _aLondon
_bPenguin
_c2019
300 _a246
942 _2ddc
_cBK